ბათუმის შოთა რუსთაველის სახელმწიფო უნივერსიტეტის ბიბლიოთეკა

კითხვის ეფექტური მეთოდები:[2.ნაწ.] (ბიბ.ჩანაწერი № 43989)

000 -LEADER
fixed length control field 01207nam a2200241Ia 4500
001 - CONTROL NUMBER
control field 10739
003 - CONTROL NUMBER IDENTIFIER
control field GE_BSU
008 - FIXED-LENGTH DATA ELEMENTS--GENERAL INFORMATION
fixed length control field 181216s||||||||xx |||||||||||||| ||und||
040 ## - CATALOGING SOURCE
Transcribing agency GE_BSU
080 ## - UNIVERSAL DECIMAL CLASSIFICATION NUMBER
Universal Decimal Classification number 028.1
245 ## - TITLE STATEMENT
Title კითხვის ეფექტური მეთოდები:[2.ნაწ.]
245 ## - TITLE STATEMENT
Remainder of title სასწავლო–მეთოდური ფილმი და გზამკვლევი.
245 ## - TITLE STATEMENT
Statement of responsibility, etc. ფილმსა და გზამკვლევზე მუშაობდნენ:ზაქარია ქიტიაშვილი,მაია ხაზიური,პაატა პაპავა და სხვ;პროექტის კოორდინატორი:ნათია ნაცვლიშვილი.
260 ## - PUBLICATION, DISTRIBUTION, ETC.
Place of publication, distribution, etc. თბილისი
260 ## - PUBLICATION, DISTRIBUTION, ETC.
Name of publisher, distributor, etc. გ.გ.
260 ## - PUBLICATION, DISTRIBUTION, ETC.
Date of publication, distribution, etc. 2011.
300 ## - PHYSICAL DESCRIPTION
Extent 64გვ;+1CD;28სმ.
520 ## - SUMMARY, ETC.
Summary, etc. შემოსულია ტემპუსის პროექტით.
653 ## - INDEX TERM--UNCONTROLLED
Uncontrolled term კითხვის ეფექტური მეთოდები:[2.ნაწ.]
653 ## - INDEX TERM--UNCONTROLLED
Uncontrolled term ტემპუსის პროექტით
942 ## - ADDED ENTRY ELEMENTS (KOHA)
Koha item type წიგნი
ეგზემპლარები
Withdrawn status Lost status Damaged status Not for loan Date acquired Barcode Date last seen Price effective from Koha item type
        2018-12-17 35150 2018-12-17 2018-12-17 წიგნი
        2018-12-17 35151 2018-12-17 2018-12-17 წიგნი